Madeleine L'Engle Bibliography - Statistics

General Stats
  • This quiz has been taken 3 times
  • The average score is 8 of 192
Answer Stats
Type Year Name % Correct
Novel 1978 A Swiftly Tilting Planet
100%
Novel 1973 A Wind in the Door
100%
Novel 1962 A Wrinkle in Time
100%
Novel 1980 A Ring of Endless Light
67%
Novel 1965 The Arm of the Starfish
67%
Novel 1984 A House Like a Lotus
33%
Novel 1989 An Acceptable Time
33%
Novel 1949 And Both Were Young
33%
Novel 1976 Dragons in the Waters
33%
Poem 1978 Love Letter
33%
Novel 1986 Many Waters
33%
Novel 1960 Meet the Austins
33%
Poem 1969 The Dragon
33%
Novel 1966 The Love Letters
33%
Novel 1963 The Moon by Night
33%
Novel 1994 Troubling a Star
33%
Poem 1969 Abraham's Child
0%
Poem 1987 Abraham: With Laughter
0%
Biography 1972 A Circle of Quiet
0%
Poetry Collection 1987 A Cry Like a Bell
0%
Poem 1969 Act III, Scene ii
0%
Poem 1978 Advent, 1971
0%
Poem 1978 After Annunciation
0%
Poem 1978 After the Saturday Liturgy at Montfort
0%
Short Story 1999 A Full House: An Austin Family Christmas
0%
Novel 1996 A Live Coal in the Sea
0%
Poem 1987 A Man from Phrygia, on Pentecost
0%
Poem 1987 And God Heard
0%
Non-Fiction Book 1983 And It Was Good
0%
Poem 1987 ...and Kill the Passover
0%
Poem 1987 And Nicolas
0%
Poem 1987 Andrew
0%
Poem 1987 Andrew: Having Run Away from Jesus in the Garden
0%
Poem 1978 Annunciation
0%
Poem 1978 Ascension, 1969
0%
Novel 1982 A Severed Wasp
0%
Non-Fiction Book 1986 A Stone for a Pillow
0%
Poem 1978 At Communion
0%
Novel 1957 A Winter's Love
0%
Poem 1987 Balaam's Ass
0%
Poem 1987 Barabbas
0%
Poem 1987 Barnabas, Travelling to Antioch
0%
Poem 1987 Bearer of Love
0%
Poem 1987 Benjamin's Birth
0%
Poem 1969 Body, the Black Horse and the White
0%
Non-Fiction Book 1997 Bright Evening Star: Mystery of the Incarnation
0%
Poem 1969 Broadway Bus
0%
Poem 1969 Burn, Charity
0%
Novel 1951 Camilla Dickinson
0%
Novel 1992 Certain Women
0%
Poem 1978 Charlotte
0%
Poem 1978 Charlotte Rebecca Jones, 22nd August, 1969
0%
Poem 1978 Come, Let Us Gather
0%
Poem 1978 Come, Lord Jesus!
0%
Poem 1969 Confession Shortly Before the Forty-Eighth Birthday
0%
Poem 1978 Corinth
0%
Poem 1978 Crosswicks
0%
Short Story 1969 Dance in the Desert
0%
Poem 1978 | 1987 David
0%
Poem 1987 David: After Psalm
0%
Poem 1987 David: From Psalm
0%
Poem 1987 Ephesus
0%
Poem 1978 Epidaurus: the Theatre: an Actor Muses
0%
Poem 1978 Epiphany
0%
Poem 1969 Epithalamion
0%
Poem 1987 Esau
0%
Poem 1987 Eve
0%
Poem 1969 Fire by Fire
0%
Poem 1987 First Coming
0%
Poem 1978 For Ascension Day, 1967
0%
Poem 1969 For Dana: 4th November
0%
Poem 1978 For M. S. J., 20th June, 1968
0%
Non-Fiction Book 1997 Friends for the Journey: Two Extraordinary Women Celebrate Friendships Made and Sustained Through the Seasons of Life
0%
Poem 1969 From St. Luke's Hospital (1)
0%
Poem 1969 From St. Luke's Hospital (2)
0%
Poem 1969 From St. Luke's Hospital (3)
0%
Poem 1969 From St. Luke's Hospital (4)
0%
Poem 1987 Gershom: Son of Moses
0%
Poem 1978 God's Beast
0%
Poem 1987 Herman the Ezragite: Psalm 88:18
0%
Novel 1946 Ilsa
0%
Poem 1969 Instruments (1)
0%
Poem 1969 Instruments (2)
0%
Poem 1987 Isaac
0%
Poem 1987 Jacob: After Rachel's Death
0%
Poem 1978 Jacob: Ballade
0%
Poem 1987 Jepthah's Daughter
0%
Poem 1987 Jepthah's Daughter, 2
0%
Poem 1987 Leah
0%
Poem 1987 Leah: The Unloved
0%
Poem 1978 Like Every Newborn
0%
Poem 1978 Lines After Herbert: Rondel
0%
Poem 1969 Lines After M. B.'s Funeral
0%
Poem 1969 Lines After Sir Thomas Browne
0%
Poetry Collection 1969 Lines Scribbled on an Envelope
0%
Poem 1969 Lines Scribbled on an Envelope While Riding the 104
0%
Poem 1978 Lovers Apart
0%
Memoir 2001 Madeleine L'Engle Herself: Reflections on a Writing Life
0%
Poem 1987 Magdalen
0%
Poem 1978 Martha
0%
Poem 1987 Mary: After the Baptism
0%
Poem 1987 Mary: Afterwards
0%
Poem 1987 Mary Magdalene, Remembering
0%
Poem 1987 Mary of Magdala
0%
Poem 1987 Mary Speaks
0%
Poem 1987 Mary Speaks: From Ephesus
0%
Poem 1969 Medusa
0%
Poem 1969 | 1987 Moses
0%
Poem 1987 Moses: Dialogue with God
0%
Poem 1987 Naaman: The Leper
0%
Poem 1987 One King's Epiphany
0%
Poem 1987 O Oriens
0%
Poem 1978 O Sapientia
0%
Poem 1978 O Simplicitas
0%
Poem 1987 O Wise and Foolish Virgins
0%
Poem 1969 Passion Play
0%
Non-Fiction Book 1996 Penguins and Golden Calves: Icons and Idols in Antarctica and Other Unexpected Places
0%
Poem 1978 Pentecost
0%
Poem 1969 People in Glass Houses
0%
Poem 1987 Peter
0%
Poem 1987 Pharaoh's Cross
0%
Poem 1987 Phoebe, Perhaps the Very First Deacon
0%
Poem 1987 Pieta
0%
Novel 1968 Prelude
0%
Poem 1969 Primate
0%
Poem 1987 Priscilla's Response to the Letter to the Hebrews
0%
Poem 1987 Psalm 55:12-14
0%
Poem 1987 Rachel: At Joseph's Birth
0%
Poem 1987 Rachel: Birthing Benjamin
0%
Poem 1978 Ready for Silence
0%
Poem 1987 Salome: At the Foot of the Cross
0%
Poem 1987 Sarah: Before Mount Moriah
0%
Poem 1978 ...Set of the Music of the Spheres
0%
Poem 1969 Shout Joy!
0%
Poem 1987 Simon of Cyrene
0%
Non-Fiction Book 1989 Sold into Egypt
0%
Poem 1987 Song of Blind Bartimaeus After His Healing
0%
Poem 1969 Song of Simeon
0%
Poem 1978 Songs from the Fiery Furnace
0%
Poem 1978 Sonnet After Thomas
0%
Poem 1978 Sonnet, Trinity 18
0%
Poem 1978 Star Light
0%
Poem 1969 Summer City
0%
Poem 1978 Temper My Intemperance
0%
Poem 1969 Testament
0%
Poem 1978 The Animals Do Judge
0%
Short Story 1980 The Anti-Muffins
0%
Poem 1969 The Baby in the Bath
0%
Poem 1987 The Bethlehem Explosion
0%
Poem 1969 The Birth of Love
0%
Biography 1990 The Glorious Impossible
0%
Poem 1978 The Guests of Abraham
0%
Poem 1987 The High Priest's Servant
0%
Biography 1977 The Irrational Season
0%
Novel 2008 The Joys of Love
0%
Poem 1969 The Mermaid
0%
Poem 1969 The Monkey
0%
Novel 1971 The Other Side of the Sun
0%
Poem 1969 The Parrot
0%
Poem 1969 The Phoenix
0%
Poem 1987 The Preparation of Mary, Mother of Jesus
0%
Poem 1969 The Promise
0%
Poem 1987 The Ram: Caught in the Bush
0%
Poem 1978 The Risk of Birth, Christmas, 1973
0%
Poem 1969 The Roc
0%
Non-Fiction Book 1993 The Rock That Is Higher: Story as Truth
0%
Poem 1987 The Samaritan Woman at the Well
0%
Poem 1969 The Sea Bishop
0%
Poem 1969 The Sea Monster
0%
Novel 1945 The Small Rain
0%
Biography 1974 The Summer of the Great-Grandmother
0%
Poem 1978 The Tenth Hour
0%
Novella 1984 The Twenty-Four Days Before Christmas
0%
Poem 1969 The Unicorn
0%
Poetry Collection 1978 The Weather of the Heart
0%
Poem 1969 The Winter Is Cold, Is Cold
0%
Poem 1987 The Wise Men
0%
Poem 1987 The Woman
0%
Novel 1968 The Young Unicorns
0%
Poem 1987 Thomas: After Seeing the Wounds
0%
Poem 1987 Three Days
0%
Poem 1969 To a Long-Loved Love
0%
Poem 1969 Tree at Christmas
0%
Biography 1988 Two-Part Invention: The Story of a Marriage
0%
Non-Fiction Book 1980 Walking on Water: Reflections on Faith and Art
0%
Poem 1969 We Make Bold to Say...
0%
Poem 1987 When Mary Asked
0%
Poem 1969 Within This Strange and Quickened Dust
0%
Poem 1969 Word
0%
Poem 1987 Young Mary
0%
No matching quizzes found
Score Distribution
Percent of People with Each Score
Percentile by Number Answered
Your Score History
You have not taken this quiz